01250 a2200193 4500003000500000005001700005010001600022020001500038040000900053082001700062100002200079245003600101250001200137260005500149300003200204505076300236650002300999650003401022Nust20221212122047.0 a 00031346 a812970711X cNust00a621.3821,RAM1 aRamteke, Timothy.10aNetworks /cTimothy S. Ramteke. a2nd ed. aUpper Saddle River, N.J. :bPrentice Hall,cc2001. axiv, 705 p.bill. ;c24 cm. a Welcome to Telecommunication (Page-1), Basics of Data Networking (Page-23), Analog and Digital Signals (Page-48), Transmission Systems (Page-79), Business Systems (Page-79), Residential Network Services (Page-126), LANs : Basic Concepts (Page-140), TCP/IP : Basic Concepts (Page-206), Switching (Page-222), PSTN (Page-236) Wireless Communication and CDMA (Page-261), Private Switched Networks (Page-294), Voice Processing ACDs and CTI (Page-316), T1 Networking (Page-339) SNA (Page-365), X.25 (Page-396), SS7 (Page-418), ISDN (Page-443), SONET (Page-466), Frame Relay (Page-478), ATM (Page-500), LANS Additional Concepts (Page-519), Bridging and Rounding (Page-563), TCP/ IP Additional Concepts (Page-589), Linux Administration (Page-639), VPNs (Page-672). 0aComputer networks. 0aTelecommunication Engineering